A dictionary of Egyption civilization

محفوظ في:

المؤلف الرئيسي: ,Georges Posener

التنسيق: كتاب

اللغة: Undetermined

منشور في: London Methuen 1962

الموضوعات:

الوسوم: إضافة وسم

لا توجد وسوم, كن أول من يضع وسما على هذه التسجيلة!

رقم الطلب: (REF)DT58 .P653 1962

LEADER 00686nam a2200181Ia 4500
008 221002s9999||||xx |||||||||||||| ||und||
050 4 |a (REF)DT58 .P653 1962 
100 1 |a ,Georges Posener 
245 1 2 |a A dictionary of Egyption civilization 
246 0 3 |a Dictionnaire de la civilisation 
264 1 |a London   |b Methuen  |c 1962 
300 |a 323p  |b (some col.)maps  |c 22cm 
504 |a orginally publishedas Dictionnaire de la civilisation Egyptienne Hazan  
650 4 |a Egypt--History--Ancient to  
650 4 |a Egyptology--Dictionaries 
942 |2 lcc  |c BK 
952 |0 0  |1 0  |2 lcc  |4 0  |7 1  |9 43004  |a ARCE  |b ARCE  |d 2022-10-02  |l 0  |o (REF)DT58 .P653 1962  |r 2022-10-02 00:00:00  |w 2022-10-02  |y BK 
999 |c 49560  |d 49560